000 01215nam a22003377a 4500
003 CHAP
005 20220329134859.0
008 971013s r 00010 d
010 _a27420
011 _a28392
035 _a32496
040 _cCHAP
082 _a630.72
_bI54a
110 _aINIA. México. Campo Agrícola Experimental Altos de Jalisco
_958470
245 _aInfome
260 _aTepatitlán, Jal. :
_bEl Instituto,
_c19 -
300 _av.
_b: ilus
500 _aLa biblioteca tiene: 1979, 1980
590 _aBATCH-UPD
_b10
_c20130110
_lUCH01
_h1016
590 _aBATCH-UPD
_b10
_c20130410
_lUCH01
_h0623
590 _aBATCH-UPD
_b10
_c20130913
_lUCH01
_h2118
590 _aCONVERSION
_b10
_c20130109
_lUCH01
_h1316
650 1 4 _aAgricultura
_xInvestigación
_xJalisco.
_91637
650 1 4 _aAgricultura
_xJalisco.
_91714
901 _aBK
942 _cLIBRO
949 _a630.72 I54a
_bBC
_cLIBRO
_d33724000041059
_eLIBRO
_f1980
_h61772
_i32496
_si
949 _a630.72 I54a
_bBC
_cLIBRO
_d33724000041265
_eLIBRO
_f1979 c.2
_h59890
_i32496
_si
949 _a630.72 I54a
_bBC
_cLIBRO
_d33724000041398
_eLIBRO
_f1979 c.3
_h59891
_i32496
_si
949 _a630.72 I54a
_bBC
_cLIBRO
_d33724000041406
_eLIBRO
_f1979
_h59889
_i32496
_si
999 _c27420
_d27420